| 000 | 00645nam a2200205 a 4500 | ||
|---|---|---|---|
| 001 | 000010288 | ||
| 005 | 20230331073626.0 | ||
| 008 | 091006s1963 dr 001 0 spa d | ||
| 040 | _aDO-SdBNP | ||
| 082 |
_aRD861.44 _bH557m |
||
| 100 |
_aHernández Rueda, Lupo, _d1930-2017 _923790 |
||
| 245 | 1 | 0 |
_aMuerte y memoria (1960) / _cLupo Hernández Rueda. |
| 260 |
_aSanto Domingo : _bArte y Cine, _c1963. |
||
| 300 |
_a126 p. ; _c24 cm. |
||
| 490 | 1 |
_aEl silbo vulnerado _v4 |
|
| 500 | _aIncluye datos biográficos del autor en la solapa | ||
| 830 | 0 |
_aEl silbo vulnerado _n4 _925304 |
|
| 910 | _aValidado. Control de calidad MFF | ||
| 049 | _aBNPD | ||
| 999 |
_c10047 _d10047 |
||